000 00446nam a22001571a 4500
003 NEGST
005 20110718132605.0
008 030714s2000 001 0 eng d
100 1 _aLiol, Ramadan Chan.
245 1 4 _aThe use of particle Ne in the Dinka language /
_cRamadan Chan Liol.
_h[Text]
260 _aNairobi
_bNEGST
_c2000
300 _avii, 32p.
500 _aIncludes bibliography.
590 _aAccession number: 30062
999 _c37893
_d37893